Fast Math - Randomized Addition in 30 Seconds - Statistics

General Stats
  • This quiz has been taken 20,901 times
  • The average score is 7 of 16
Answer Stats
 Problem  Solution % Correct
33 + 72 105
100%
6 + 102 108
100%
5 + 104 109
100%
7 + 104 111
100%
2 + 113 115
100%
7 + 110 117
100%
5 + 114 119
100%
3 + 117 120
100%
19 + 103 122
100%
6 + 121 127
100%
13 + 115 128
100%
21 + 111 132
100%
5 + 131 136
100%
6 + 131 137
100%
5 + 133 138
100%
11 + 128 139
100%
8 + 140 148
100%
14 + 143 157
100%
8 + 150 158
100%
20 + 138 158
100%
3 + 157 160
100%
2 + 159 161
100%
8 + 156 164
100%
3 + 162 165
100%
10 + 156 166
100%
1 + 166 167
100%
13 + 155 168
100%
9 + 160 169
100%
4 + 166 170
100%
1 + 181 182
100%
3 + 183 186
100%
5 + 184 189
100%
9 + 182 191
100%
8 + 186 194
100%
23 + 174 197
100%
2 + 196 198
100%
3 + 196 199
100%
5 + 15 20
100%
6 + 14 20
100%
3 + 202 205
100%
3 + 205 208
100%
77 + 131 208
100%
9 + 200 209
100%
4 + 17 21
100%
6 + 205 211
100%
50 + 162 212
100%
15 + 200 215
100%
18 + 200 218
100%
9 + 13 22
100%
11 + 11 22
100%
2 + 221 223
100%
23 + 200 223
100%
4 + 221 225
100%
1 + 230 231
100%
11 + 220 231
100%
16 + 215 231
100%
23 + 210 233
100%
40 + 195 235
100%
8 + 229 237
100%
70 + 168 238
100%
59 + 182 241
100%
107 + 137 244
100%
46 + 200 246
100%
61 + 192 253
100%
36 + 220 256
100%
3 + 254 257
100%
7 + 257 264
100%
17 + 248 265
100%
3 + 271 274
100%
5 + 272 277
100%
6 + 271 277
100%
33 + 244 277
100%
1 + 278 279
100%
5 + 23 28
100%
32 + 249 281
100%
1 + 286 287
100%
5 + 283 288
100%
1 + 28 29
100%
17 + 283 300
100%
4 + 297 301
100%
9 + 292 301
100%
5 + 298 303
100%
1 + 303 304
100%
5 + 306 311
100%
11 + 304 315
100%
117 + 200 317
100%
9 + 321 330
100%
5 + 330 335
100%
47 + 289 336
100%
1 + 337 338
100%
40 + 299 339
100%
14 + 328 342
100%
1 + 342 343
100%
8 + 337 345
100%
6 + 342 348
100%
9 + 26 35
100%
51 + 301 352
100%
13 + 340 353
100%
55 + 298 353
100%
34 + 323 357
100%
7 + 351 358
100%
46 + 315 361
100%
58 + 307 365
100%
8 + 358 366
100%
22 + 344 366
100%
35 + 334 369
100%
4 + 368 372
100%
23 + 353 376
100%
3 + 376 379
100%
76 + 306 382
100%
16 + 370 386
100%
6 + 382 388
100%
4 + 388 392
100%
7 + 387 394
100%
2 + 2 4
100%
7 + 33 40
100%
4 + 399 403
100%
97 + 307 404
100%
3 + 405 408
100%
16 + 395 411
100%
3 + 412 415
100%
2 + 417 419
100%
10 + 32 42
100%
122 + 301 423
100%
28 + 399 427
100%
49 + 385 434
100%
4 + 431 435
100%
7 + 430 437
100%
23 + 415 438
100%
32 + 406 438
100%
20 + 421 441
100%
1 + 447 448
100%
9 + 439 448
100%
33 + 415 448
100%
1 + 45 46
100%
2 + 44 46
100%
14 + 32 46
100%
5 + 457 462
100%
101 + 363 464
100%
132 + 332 464
100%
29 + 439 468
100%
5 + 470 475
100%
10 + 467 477
100%
13 + 465 478
100%
19 + 459 478
100%
21 + 459 480
100%
90 + 392 482
100%
121 + 361 482
100%
97 + 387 484
100%
4 + 492 496
100%
5 + 491 496
100%
105 + 391 496
100%
9 + 41 50
100%
7 + 493 500
100%
237 + 264 501
100%
24 + 480 504
100%
8 + 501 509
100%
78 + 433 511
100%
164 + 349 513
100%
1 + 513 514
100%
100 + 416 516
100%
4 + 514 518
100%
9 + 509 518
100%
22 + 497 519
100%
11 + 509 520
100%
80 + 440 520
100%
60 + 465 525
100%
5 + 522 527
100%
31 + 497 528
100%
8 + 45 53
100%
22 + 31 53
100%
1 + 533 534
100%
66 + 468 534
100%
23 + 513 536
100%
5 + 532 537
100%
30 + 514 544
100%
19 + 530 549
100%
3 + 52 55
100%
2 + 549 551
100%
3 + 552 555
100%
7 + 49 56
100%
5 + 555 560
100%
10 + 555 565
100%
27 + 540 567
100%
4 + 564 568
100%
207 + 361 568
100%
1 + 570 571
100%
18 + 555 573
100%
64 + 509 573
100%
23 + 557 580
100%
8 + 574 582
100%
230 + 355 585
100%
2 + 594 596
100%
4 + 61 65
100%
7 + 59 66
100%
2 + 66 68
100%
26 + 43 69
100%
29 + 49 78
100%
7 + 72 79
100%
1 + 79 80
100%
9 + 72 81
100%
8 + 75 83
100%
8 + 79 87
100%
12 + 76 88
100%
5 + 84 89
100%
10 + 87 97
100%
5 + 93 98
100%
10 + 217 227
92%
6 + 300 306
92%
5 + 308 313
92%
1 + 584 585
92%
60 + 100 160
91%
77 + 110 187
91%
2 + 300 302
91%
3 + 95 98
91%
11 + 154 165
90%
2 + 362 364
90%
5 + 366 371
90%
2 + 564 566
90%
9 + 390 399
89%
14 + 404 418
89%
2 + 419 421
89%
2 + 459 461
89%
22 + 524 546
89%
10 + 79 89
89%
2 + 105 107
88%
31 + 78 109
88%
2 + 109 111
88%
9 + 133 142
88%
63 + 100 163
88%
72 + 101 173
88%
3 + 215 218
88%
8 + 222 230
88%
8 + 345 353
88%
1 + 456 457
88%
10 + 38 48
88%
2 + 483 485
88%
2 + 502 504
88%
32 + 500 532
88%
4 + 546 550
88%
230 + 328 558
88%
6 + 571 577
88%
2 + 57 59
88%
3 + 67 70
88%
40 + 53 93
88%
4 + 128 132
86%
4 + 148 152
86%
8 + 145 153
86%
15 + 141 156
86%
50 + 110 160
86%
3 + 194 197
86%
55 + 160 215
86%
1 + 266 267
86%
2 + 272 274
86%
34 + 241 275
86%
11 + 277 288
86%
3 + 294 297
86%
1 + 299 300
86%
2 + 304 306
86%
4 + 335 339
86%
2 + 349 351
86%
16 + 341 357
86%
6 + 379 385
86%
6 + 409 415
86%
4 + 413 417
86%
12 + 405 417
86%
11 + 31 42
86%
12 + 31 43
86%
7 + 426 433
86%
9 + 432 441
86%
30 + 418 448
86%
108 + 382 490
86%
6 + 499 505
86%
213 + 310 523
86%
4 + 523 527
86%
9 + 527 536
86%
3 + 544 547
86%
5 + 561 566
86%
8 + 51 59
86%
6 + 62 68
86%
10 + 59 69
86%
58 + 58 116
83%
2 + 115 117
83%
9 + 115 124
83%
13 + 132 145
83%
7 + 142 149
83%
5 + 10 15
83%
22 + 142 164
83%
16 + 150 166
83%
56 + 110 166
83%
7 + 165 172
83%
2 + 176 178
83%
2 + 186 188
83%
17 + 179 196
83%
3 + 207 210
83%
2 + 20 22
83%
8 + 214 222
83%
19 + 210 229
83%
31 + 203 234
83%
20 + 227 247
83%
7 + 247 254
83%
5 + 251 256
83%
3 + 23 26
83%
36 + 242 278
83%
40 + 243 283
83%
2 + 289 291
83%
1 + 307 308
83%
6 + 25 31
83%
15 + 303 318
83%
14 + 305 319
83%
14 + 312 326
83%
11 + 349 360
83%
9 + 372 381
83%
3 + 385 388
83%
47 + 351 398
83%
152 + 254 406
83%
4 + 403 407
83%
6 + 35 41
83%
5 + 415 420
83%
16 + 411 427
83%
7 + 445 452
83%
22 + 444 466
83%
38 + 431 469
83%
8 + 464 472
83%
95 + 378 473
83%
8 + 472 480
83%
2 + 488 490
83%
102 + 388 490
83%
20 + 472 492
83%
6 + 44 50
83%
17 + 501 518
83%
11 + 41 52
83%
1 + 536 537
83%
3 + 538 541
83%
144 + 400 544
83%
41 + 505 546
83%
1 + 54 55
83%
14 + 41 55
83%
10 + 541 551
83%
256 + 300 556
83%
3 + 568 571
83%
8 + 581 589
83%
3 + 591 594
83%
19 + 41 60
83%
6 + 61 67
83%
1 + 67 68
83%
1 + 6 7
83%
8 + 65 73
83%
4 + 70 74
83%
3 + 96 99
83%
2 + 120 122
82%
10 + 160 170
82%
5 + 485 490
82%
19 + 82 101
80%
35 + 68 103
80%
3 + 8 11
80%
9 + 101 110
80%
4 + 110 114
80%
7 + 112 119
80%
3 + 120 123
80%
1 + 128 129
80%
16 + 121 137
80%
26 + 111 137
80%
7 + 137 144
80%
12 + 132 144
80%
3 + 153 156
80%
6 + 152 158
80%
26 + 133 159
80%
6 + 164 170
80%
5 + 176 181
80%
50 + 137 187
80%
37 + 151 188
80%
1 + 18 19
80%
4 + 190 194
80%
17 + 183 200
80%
1 + 200 201
80%
9 + 192 201
80%
71 + 130 201
80%
5 + 203 208
80%
1 + 218 219
80%
92 + 138 230
80%
54 + 180 234
80%
8 + 243 251
80%
4 + 252 256
80%
11 + 15 26
80%
57 + 205 262
80%
9 + 263 272
80%
4 + 276 280
80%
63 + 232 295
80%
4 + 296 300
80%
3 + 300 303
80%
3 + 308 311
80%
3 + 309 312
80%
4 + 311 315
80%
129 + 201 330
80%
20 + 317 337
80%
1 + 345 346
80%
15 + 341 356
80%
8 + 352 360
80%
4 + 362 366
80%
3 + 367 370
80%
13 + 360 373
80%
13 + 380 393
80%
155 + 241 396
80%
6 + 392 398
80%
10 + 388 398
80%
16 + 388 404
80%
10 + 396 406
80%
2 + 412 414
80%
1 + 414 415
80%
103 + 314 417
80%
18 + 400 418
80%
2 + 418 420
80%
18 + 408 426
80%
6 + 425 431
80%
3 + 434 437
80%
8 + 430 438
80%
3 + 41 44
80%
13 + 436 449
80%
6 + 454 460
80%
32 + 432 464
80%
8 + 462 470
80%
22 + 452 474
80%
1 + 475 476
80%
3 + 484 487
80%
6 + 484 490
80%
4 + 501 505
80%
111 + 394 505
80%
25 + 482 507
80%
62 + 463 525
80%
217 + 308 525
80%
3 + 526 529
80%
5 + 528 533
80%
14 + 525 539
80%
9 + 531 540
80%
85 + 460 545
80%
1 + 562 563
80%
36 + 529 565
80%
22 + 545 567
80%
9 + 48 57
80%
4 + 569 573
80%
222 + 359 581
80%
20 + 567 587
80%
2 + 59 61
80%
34 + 35 69
80%
11 + 72 83
80%
9 + 88 97
80%
5 + 96 101
78%
3 + 101 104
78%
3 + 110 113
78%
2 + 152 154
78%
31 + 123 154
78%
8 + 235 243
78%
4 + 257 261
78%
7 + 307 314
78%
55 + 310 365
78%
59 + 365 424
78%
8 + 422 430
78%
7 + 444 451
78%
6 + 490 496
78%
2 + 523 525
78%
2 + 51 53
78%
10 + 44 54
78%
2 + 575 577
78%
2 + 6 8
78%
5 + 311 316
77%
16 + 85 101
75%
5 + 97 102
75%
11 + 91 102
75%
4 + 103 107
75%
8 + 104 112
75%
39 + 74 113
75%
6 + 108 114
75%
5 + 119 124
75%
22 + 102 124
75%
2 + 129 131
75%
4 + 133 137
75%
4 + 138 142
75%
33 + 112 145
75%
8 + 138 146
75%
5 + 147 152
75%
5 + 151 156
75%
13 + 144 157
75%
3 + 156 159
75%
7 + 152 159
75%
51 + 110 161
75%
5 + 159 164
75%
70 + 107 177
75%
1 + 179 180
75%
11 + 169 180
75%
42 + 141 183
75%
5 + 181 186
75%
30 + 157 187
75%
43 + 144 187
75%
10 + 179 189
75%
18 + 191 209
75%
1 + 209 210
75%
17 + 200 217
75%
3 + 218 221
75%
7 + 215 222
75%
21 + 208 229
75%
1 + 229 230
75%
30 + 205 235
75%
2 + 236 238
75%
2 + 240 242
75%
10 + 232 242
75%
2 + 241 243
75%
7 + 239 246
75%
57 + 196 253
75%
2 + 24 26
75%
1 + 260 261
75%
5 + 256 261
75%
3 + 267 270
75%
44 + 227 271
75%
8 + 266 274
75%
33 + 242 275
75%
3 + 273 276
75%
4 + 273 277
75%
9 + 269 278
75%
71 + 207 278
75%
82 + 202 284
75%
11 + 18 29
75%
16 + 280 296
75%
7 + 294 301
75%
4 + 306 310
75%
57 + 253 310
75%
6 + 311 317
75%
7 + 315 322
75%
6 + 317 323
75%
3 + 321 324
75%
4 + 323 327
75%
2 + 31 33
75%
5 + 325 330
75%
7 + 323 330
75%
4 + 328 332
75%
4 + 333 337
75%
4 + 348 352
75%
148 + 212 360
75%
4 + 358 362
75%
7 + 355 362
75%
17 + 345 362
75%
6 + 360 366
75%
11 + 356 367
75%
124 + 248 372
75%
35 + 344 379
75%
22 + 361 383
75%
1 + 397 398
75%
58 + 340 398
75%
10 + 394 404
75%
22 + 385 407
75%
75 + 335 410
75%
134 + 277 411
75%
29 + 387 416
75%
115 + 302 417
75%
15 + 405 420
75%
55 + 375 430
75%
31 + 409 440
75%
70 + 371 441
75%
13 + 430 443
75%
5 + 441 446
75%
12 + 439 451
75%
134 + 318 452
75%
31 + 422 453
75%
13 + 443 456
75%
6 + 451 457
75%
66 + 410 476
75%
170 + 307 477
75%
4 + 474 478
75%
33 + 446 479
75%
7 + 473 480
75%
29 + 452 481
75%
72 + 412 484
75%
103 + 386 489
75%
16 + 476 492
75%
51 + 451 502
75%
16 + 35 51
75%
6 + 509 515
75%
8 + 509 517
75%
3 + 525 528
75%
20 + 515 535
75%
231 + 306 537
75%
6 + 532 538
75%
7 + 532 539
75%
22 + 521 543
75%
14 + 541 555
75%
48 + 507 555
75%
8 + 548 556
75%
9 + 548 557
75%
183 + 380 563
75%
154 + 410 564
75%
62 + 510 572
75%
12 + 563 575
75%
4 + 578 582
75%
5 + 587 592
75%
10 + 582 592
75%
74 + 518 592
75%
70 + 523 593
75%
25 + 41 66
75%
9 + 65 74
75%
3 + 72 75
75%
34 + 41 75
75%
19 + 61 80
75%
8 + 84 92
75%
2 + 91 93
75%
13 + 80 93
75%
37 + 73 110
73%
14 + 148 162
73%
16 + 173 189
73%
2 + 226 228
73%
9 + 229 238
73%
21 + 252 273
73%
2 + 276 278
73%
52 + 249 301
73%
1 + 315 316
73%
7 + 408 415
73%
6 + 438 444
73%
9 + 470 479
73%
14 + 505 519
73%
18 + 84 102
71%
1 + 105 106
71%
23 + 84 107
71%
12 + 103 115
71%
27 + 88 115
71%
27 + 108 135
71%
1 + 147 148
71%
19 + 148 167
71%
1 + 171 172
71%
20 + 157 177
71%
10 + 183 193
71%
11 + 187 198
71%
1 + 220 221
71%
3 + 222 225
71%
3 + 225 228
71%
15 + 214 229
71%
2 + 251 253
71%
100 + 155 255
71%
5 + 275 280
71%
59 + 230 289
71%
7 + 287 294
71%
12 + 290 302
71%
103 + 204 307
71%
1 + 327 328
71%
1 + 333 334
71%
15 + 322 337
71%
112 + 231 343
71%
6 + 339 345
71%
133 + 212 345
71%
28 + 324 352
71%
10 + 346 356
71%
41 + 326 367
71%
9 + 362 371
71%
30 + 341 371
71%
8 + 370 378
71%
2 + 382 384
71%
8 + 379 387
71%
7 + 381 388
71%
14 + 394 408
71%
9 + 33 42
71%
4 + 423 427
71%
6 + 423 429
71%
8 + 425 433
71%
9 + 445 454
71%
51 + 403 454
71%
14 + 441 455
71%
37 + 420 457
71%
5 + 458 463
71%
3 + 45 48
71%
1 + 491 492
71%
3 + 501 504
71%
3 + 507 510
71%
167 + 352 519
71%
24 + 499 523
71%
8 + 517 525
71%
15 + 522 537
71%
43 + 497 540
71%
7 + 540 547
71%
7 + 549 556
71%
7 + 568 575
71%
1 + 582 583
71%
8 + 66 74
71%
14 + 65 79
71%
3 + 85 88
71%
11 + 79 90
71%
2 + 95 97
71%
14 + 105 119
70%
1 + 195 196
70%
6 + 192 198
70%
10 + 207 217
70%
27 + 199 226
70%
2 + 297 299
70%
2 + 402 404
70%
9 + 399 408
70%
7 + 405 412
70%
9 + 43 52
70%
57 + 522 579
70%
11 + 241 252
69%
15 + 267 282
69%
8 + 40 48
69%
6 + 95 101
67%
20 + 83 103
67%
9 + 98 107
67%
32 + 77 109
67%
41 + 69 110
67%
11 + 105 116
67%
2 + 116 118
67%
14 + 108 122
67%
12 + 112 124
67%
17 + 107 124
67%
4 + 123 127
67%
7 + 120 127
67%
38 + 89 127
67%
4 + 127 131
67%
24 + 107 131
67%
2 + 134 136
67%
14 + 122 136
67%
3 + 134 137
67%
6 + 132 138
67%
7 + 131 138
67%
7 + 132 139
67%
3 + 11 14
67%
31 + 111 142
67%
25 + 122 147
67%
49 + 99 148
67%
15 + 135 150
67%
10 + 142 152
67%
11 + 141 152
67%
44 + 108 152
67%
21 + 133 154
67%
41 + 114 155
67%
45 + 110 155
67%
11 + 147 158
67%
9 + 154 163
67%
66 + 100 166
67%
3 + 168 171
67%
6 + 165 171
67%
18 + 154 172
67%
59 + 114 173
67%
15 + 160 175
67%
35 + 143 178
67%
9 + 173 182
67%
9 + 174 183
67%
13 + 172 185
67%
24 + 163 187
67%
52 + 136 188
67%
1 + 189 190
67%
4 + 189 193
67%
48 + 145 193
67%
72 + 121 193
67%
5 + 190 195
67%
54 + 145 199
67%
22 + 178 200
67%
3 + 198 201
67%
25 + 177 202
67%
6 + 197 203
67%
4 + 202 206
67%
55 + 151 206
67%
2 + 205 207
67%
6 + 201 207
67%
20 + 188 208
67%
36 + 174 210
67%
2 + 211 213
67%
7 + 206 213
67%
19 + 199 218
67%
12 + 211 223
67%
8 + 219 227
67%
4 + 224 228
67%
3 + 20 23
67%
5 + 226 231
67%
3 + 230 233
67%
80 + 155 235
67%
6 + 231 237
67%
36 + 205 241
67%
6 + 240 246
67%
5 + 243 248
67%
17 + 235 252
67%
28 + 225 253
67%
1 + 254 255
67%
1 + 256 257
67%
25 + 233 258
67%
48 + 210 258
67%
27 + 241 268
67%
5 + 265 270
67%
60 + 210 270
67%
34 + 238 272
67%
23 + 250 273
67%
51 + 224 275
67%
10 + 267 277
67%
28 + 252 280
67%
44 + 240 284
67%
7 + 278 285
67%
6 + 283 289
67%
40 + 252 292
67%
53 + 239 292
67%
15 + 280 295
67%
104 + 192 296
67%
23 + 277 300
67%
9 + 297 306
67%
3 + 28 31
67%
1 + 309 310
67%
9 + 301 310
67%
4 + 308 312
67%
11 + 301 312
67%
2 + 312 314
67%
11 + 303 314
67%
82 + 232 314
67%
120 + 201 321
67%
5 + 317 322
67%
140 + 190 330
67%
4 + 330 334
67%
5 + 29 34
67%
4 + 341 345
67%
100 + 246 346
67%
9 + 340 349
67%
4 + 31 35
67%
25 + 325 350
67%
150 + 203 353
67%
16 + 338 354
67%
2 + 354 356
67%
21 + 337 358
67%
10 + 352 362
67%
36 + 326 362
67%
4 + 360 364
67%
40 + 325 365
67%
12 + 354 366
67%
9 + 359 368
67%
25 + 343 368
67%
2 + 35 37
67%
8 + 29 37
67%
15 + 358 373
67%
7 + 370 377
67%
174 + 203 377
67%
15 + 364 379
67%
8 + 376 384
67%
2 + 385 387
67%
31 + 357 388
67%
130 + 262 392
67%
21 + 379 400
67%
29 + 375 404
67%
35 + 370 405
67%
1 + 407 408
67%
1 + 409 410
67%
6 + 406 412
67%
8 + 406 414
67%
18 + 397 415
67%
1 + 415 416
67%
7 + 412 419
67%
7 + 417 424
67%
11 + 415 426
67%
3 + 424 427
67%
2 + 41 43
67%
2 + 429 431
67%
13 + 418 431
67%
1 + 432 433
67%
40 + 395 435
67%
21 + 415 436
67%
67 + 373 440
67%
2 + 439 441
67%
40 + 401 441
67%
12 + 431 443
67%
7 + 437 444
67%
27 + 417 444
67%
9 + 436 445
67%
1 + 446 447
67%
59 + 389 448
67%
5 + 450 455
67%
23 + 434 457
67%
17 + 441 458
67%
18 + 441 459
67%
59 + 400 459
67%
8 + 38 46
67%
15 + 31 46
67%
124 + 341 465
67%
19 + 448 467
67%
76 + 395 471
67%
2 + 46 48
67%
6 + 477 483
67%
51 + 432 483
67%
101 + 382 483
67%
49 + 435 484
67%
4 + 481 485
67%
18 + 467 485
67%
1 + 485 486
67%
9 + 477 486
67%
13 + 473 486
67%
89 + 397 486
67%
9 + 478 487
67%
9 + 480 489
67%
8 + 486 494
67%
41 + 455 496
67%
27 + 473 500
67%
10 + 491 501
67%
21 + 484 505
67%
106 + 400 506
67%
9 + 498 507
67%
37 + 470 507
67%
108 + 401 509
67%
33 + 477 510
67%
19 + 493 512
67%
2 + 511 513
67%
15 + 507 522
67%
44 + 481 525
67%
65 + 460 525
67%
9 + 518 527
67%
1 + 527 528
67%
13 + 515 528
67%
33 + 500 533
67%
33 + 502 535
67%
8 + 529 537
67%
23 + 516 539
67%
12 + 528 540
67%
72 + 472 544
67%
28 + 517 545
67%
11 + 537 548
67%
4 + 545 549
67%
139 + 412 551
67%
5 + 548 553
67%
1 + 553 554
67%
7 + 547 554
67%
15 + 540 555
67%
56 + 503 559
67%
59 + 500 559
67%
4 + 52 56
67%
6 + 51 57
67%
3 + 570 573
67%
1 + 573 574
67%
7 + 567 574
67%
269 + 310 579
67%
8 + 572 580
67%
11 + 574 585
67%
6 + 584 590
67%
3 + 593 596
67%
66 + 531 597
67%
33 + 565 598
67%
102 + 497 599
67%
23 + 38 61
67%
9 + 56 65
67%
20 + 47 67
67%
1 + 69 70
67%
4 + 68 72
67%
16 + 56 72
67%
2 + 73 75
67%
8 + 67 75
67%
3 + 75 78
67%
6 + 78 84
67%
32 + 54 86
67%
26 + 64 90
67%
4 + 90 94
67%
15 + 81 96
67%
20 + 76 96
67%
7 + 242 249
64%
2 + 338 340
64%
3 + 407 410
64%
121 + 320 441
64%
7 + 503 510
64%
11 + 547 558
64%
1 + 588 589
64%
5 + 59 64
64%
3 + 123 126
63%
9 + 122 131
63%
2 + 130 132
63%
22 + 115 137
63%
19 + 120 139
63%
7 + 7 14
63%
7 + 135 142
63%
38 + 115 153
63%
29 + 126 155
63%
21 + 152 173
63%
3 + 181 184
63%
7 + 178 185
63%
53 + 134 187
63%
30 + 177 207
63%
4 + 205 209
63%
7 + 209 216
63%
4 + 18 22
63%
6 + 255 261
63%
24 + 246 270
63%
30 + 244 274
63%
30 + 247 277
63%
3 + 285 288
63%
1 + 290 291
63%
20 + 271 291
63%
6 + 292 298
63%
10 + 301 311
63%
90 + 223 313
63%
2 + 316 318
63%
4 + 321 325
63%
31 + 299 330
63%
2 + 329 331
63%
13 + 323 336
63%
7 + 335 342
63%
90 + 259 349
63%
1 + 351 352
63%
37 + 321 358
63%
9 + 350 359
63%
60 + 312 372
63%
8 + 390 398
63%
16 + 25 41
63%
80 + 334 414
63%
13 + 403 416
63%
15 + 402 417
63%
24 + 401 425
63%
15 + 423 438
63%
11 + 428 439
63%
1 + 465 466
63%
23 + 443 466
63%
40 + 439 479
63%
12 + 507 519
63%
217 + 303 520
63%
1 + 530 531
63%
60 + 471 531
63%
2 + 543 545
63%
1 + 547 548
63%
30 + 535 565
63%
21 + 557 578
63%
111 + 472 583
63%
14 + 571 585
63%
248 + 351 599
63%
8 + 55 63
63%
14 + 56 70
63%
6 + 68 74
63%
107 + 130 237
62%
23 + 310 333
62%
20 + 473 493
62%
8 + 94 102
60%
7 + 96 103
60%
11 + 96 107
60%
5 + 105 110
60%
46 + 67 113
60%
13 + 103 116
60%
7 + 113 120
60%
19 + 105 124
60%
8 + 123 131
60%
17 + 117 134
60%
1 + 138 139
60%
19 + 122 141
60%
18 + 126 144
60%
1 + 145 146
60%
7 + 141 148
60%
11 + 138 149
60%
24 + 136 160
60%
16 + 146 162
60%
42 + 122 164
60%
6 + 162 168
60%
3 + 173 176
60%
20 + 158 178
60%
6 + 173 179
60%
19 + 165 184
60%
28 + 165 193
60%
57 + 142 199
60%
97 + 102 199
60%
75 + 126 201
60%
4 + 198 202
60%
7 + 195 202
60%
8 + 195 203
60%
31 + 175 206
60%
8 + 201 209
60%
9 + 205 214
60%
4 + 211 215
60%
45 + 171 216
60%
2 + 216 218
60%
17 + 210 227
60%
28 + 200 228
60%
1 + 232 233
60%
9 + 224 233
60%
111 + 124 235
60%
19 + 218 237
60%
11 + 234 245
60%
13 + 232 245
60%
18 + 229 247
60%
8 + 246 254
60%
2 + 254 256
60%
36 + 227 263
60%
15 + 253 268
60%
5 + 22 27
60%
4 + 267 271
60%
7 + 269 276
60%
11 + 267 278
60%
80 + 200 280
60%
16 + 266 282
60%
3 + 281 284
60%
9 + 275 284
60%
8 + 279 287
60%
12 + 275 287
60%
2 + 286 288
60%
7 + 281 288
60%
102 + 192 294
60%
60 + 236 296
60%
8 + 22 30
60%
69 + 234 303
60%
56 + 248 304
60%
118 + 186 304
60%
15 + 290 305
60%
93 + 213 306
60%
6 + 308 314
60%
2 + 320 322
60%
103 + 221 324
60%
32 + 293 325
60%
1 + 325 326
60%
84 + 242 326
60%
7 + 26 33
60%
14 + 322 336
60%
86 + 260 346
60%
43 + 304 347
60%
14 + 345 359
60%
6 + 354 360
60%
41 + 319 360
60%
1 + 360 361
60%
60 + 302 362
60%
20 + 345 365
60%
1 + 36 37
60%
61 + 309 370
60%
7 + 364 371
60%
101 + 270 371
60%
8 + 369 377
60%
2 + 376 378
60%
5 + 374 379
60%
21 + 361 382
60%
108 + 275 383
60%
9 + 376 385
60%
113 + 272 385
60%
40 + 352 392
60%
45 + 348 393
60%
57 + 341 398
60%
3 + 397 400
60%
16 + 389 405
60%
8 + 400 408
60%
53 + 357 410
60%
6 + 408 414
60%
50 + 365 415
60%
9 + 407 416
60%
20 + 401 421
60%
60 + 363 423
60%
1 + 424 425
60%
45 + 383 428
60%
17 + 412 429
60%
29 + 400 429
60%
4 + 39 43
60%
134 + 299 433
60%
21 + 413 434
60%
74 + 360 434
60%
16 + 423 439
60%
35 + 409 444
60%
100 + 344 444
60%
3 + 444 447
60%
7 + 440 447
60%
11 + 439 450
60%
26 + 427 453
60%
9 + 446 455
60%
6 + 452 458
60%
4 + 42 46
60%
169 + 295 464
60%
23 + 450 473
60%
15 + 472 487
60%
8 + 483 491
60%
13 + 483 496
60%
30 + 466 496
60%
8 + 489 497
60%
2 + 496 498
60%
8 + 498 506
60%
13 + 493 506
60%
1 + 506 507
60%
16 + 494 510
60%
6 + 505 511
60%
19 + 33 52
60%
3 + 517 520
60%
58 + 463 521
60%
2 + 527 529
60%
6 + 531 537
60%
1 + 537 538
60%
21 + 525 546
60%
227 + 325 552
60%
3 + 551 554
60%
170 + 385 555
60%
14 + 543 557
60%
115 + 442 557
60%
228 + 330 558
60%
35 + 533 568
60%
5 + 564 569
60%
8 + 562 570
60%
149 + 422 571
60%
6 + 568 574
60%
73 + 503 576
60%
4 + 54 58
60%
160 + 420 580
60%
2 + 579 581
60%
32 + 554 586
60%
8 + 586 594
60%
54 + 540 594
60%
41 + 554 595
60%
29 + 567 596
60%
1 + 596 597
60%
6 + 592 598
60%
1 + 598 599
60%
16 + 44 60
60%
8 + 54 62
60%
12 + 50 62
60%
25 + 38 63
60%
5 + 62 67
60%
7 + 65 72
60%
22 + 55 77
60%
4 + 74 78
60%
28 + 50 78
60%
1 + 86 87
60%
4 + 83 87
60%
8 + 87 95
60%
51 + 130 181
58%
9 + 467 476
58%
55 + 509 564
58%
32 + 40 72
58%
1 + 102 103
57%
12 + 93 105
57%
53 + 60 113
57%
10 + 108 118
57%
3 + 119 122
57%
48 + 85 133
57%
1 + 13 14
57%
5 + 145 150
57%
20 + 130 150
57%
2 + 14 16
57%
4 + 163 167
57%
7 + 167 174
57%
67 + 107 174
57%
85 + 101 186
57%
80 + 123 203
57%
52 + 157 209
57%
5 + 17 22
57%
11 + 219 230
57%
32 + 202 234
57%
22 + 213 235
57%
4 + 234 238
57%
7 + 17 24
57%
101 + 141 242
57%
108 + 142 250
57%
6 + 257 263
57%
47 + 220 267
57%
6 + 263 269
57%
61 + 209 270
57%
1 + 273 274
57%
4 + 285 289
57%
44 + 254 298
57%
59 + 256 315
57%
9 + 308 317
57%
36 + 281 317
57%
3 + 316 319
57%
3 + 29 32
57%
6 + 321 327
57%
10 + 318 328
57%
22 + 314 336
57%
8 + 334 342
57%
2 + 345 347
57%
1 + 348 349
57%
11 + 345 356
57%
3 + 354 357
57%
43 + 324 367
57%
7 + 366 373
57%
24 + 350 374
57%
10 + 369 379
57%
20 + 368 388
57%
133 + 260 393
57%
5 + 401 406
57%
6 + 414 420
57%
42 + 381 423
57%
19 + 411 430
57%
27 + 405 432
57%
163 + 283 446
57%
69 + 379 448
57%
4 + 447 451
57%
13 + 33 46
57%
18 + 29 47
57%
1 + 469 470
57%
196 + 280 476
57%
7 + 41 48
57%
11 + 469 480
57%
34 + 463 497
57%
14 + 485 499
57%
17 + 33 50
57%
20 + 480 500
57%
11 + 502 513
57%
26 + 490 516
57%
104 + 412 516
57%
1 + 523 524
57%
8 + 519 527
57%
7 + 522 529
57%
170 + 370 540
57%
88 + 453 541
57%
35 + 512 547
57%
5 + 546 551
57%
6 + 549 555
57%
2 + 557 559
57%
17 + 546 563
57%
271 + 297 568
57%
8 + 561 569
57%
3 + 573 576
57%
26 + 555 581
57%
85 + 498 583
57%
5 + 580 585
57%
100 + 485 585
57%
21 + 42 63
57%
1 + 93 94
57%
13 + 87 100
56%
2 + 121 123
56%
49 + 83 132
56%
16 + 201 217
56%
5 + 223 228
56%
89 + 141 230
56%
14 + 231 245
56%
2 + 246 248
56%
55 + 203 258
56%
4 + 255 259
56%
125 + 135 260
56%
1 + 263 264
56%
3 + 263 266
56%
7 + 260 267
56%
45 + 330 375
56%
1 + 388 389
56%
80 + 320 400
56%
16 + 402 418
56%
7 + 451 458
56%
8 + 454 462
56%
75 + 408 483
56%
25 + 463 488
56%
4 + 529 533
56%
5 + 542 547
56%
162 + 420 582
56%
16 + 53 69
56%
21 + 69 90
56%
22 + 71 93
56%
51 + 54 105
55%
40 + 79 119
55%
9 + 164 173
55%
11 + 167 178
55%
39 + 140 179
55%
1 + 183 184
55%
12 + 224 236
55%
8 + 264 272
55%
18 + 303 321
55%
19 + 314 333
55%
6 + 329 335
55%
4 + 371 375
55%
50 + 338 388
55%
32 + 369 401
55%
8 + 412 420
55%
47 + 384 431
55%
113 + 333 446
55%
12 + 480 492
55%
3 + 491 494
55%
3 + 83 86
55%
31 + 340 371
54%
3 + 37 40
54%
10 + 521 531
53%
3 + 100 103
50%
35 + 72 107
50%
20 + 88 108
50%
28 + 80 108
50%
46 + 62 108
50%
22 + 88 110
50%
26 + 88 114
50%
15 + 103 118
50%
33 + 87 120
50%
2 + 119 121
50%
18 + 103 121
50%
31 + 90 121
50%
25 + 99 124
50%
2 + 124 126
50%
7 + 122 129
50%
30 + 99 129
50%
11 + 120 131
50%
17 + 114 131
50%
8 + 128 136
50%
32 + 105 137
50%
8 + 131 139
50%
4 + 136 140
50%
18 + 122 140
50%
46 + 95 141
50%
2 + 142 144
50%
70 + 74 144
50%
12 + 134 146
50%
16 + 133 149
50%
9 + 141 150
50%
32 + 119 151
50%
8 + 146 154
50%
39 + 116 155
50%
48 + 107 155
50%
16 + 140 156
50%
4 + 153 157
50%
23 + 134 157
50%
12 + 146 158
50%
40 + 118 158
50%
4 + 155 159
50%
30 + 129 159
50%
2 + 158 160
50%
18 + 143 161
50%
52 + 110 162
50%
25 + 139 164
50%
58 + 107 165
50%
2 + 166 168
50%
5 + 166 171
50%
17 + 154 171
50%
8 + 164 172
50%
4 + 169 173
50%
26 + 148 174
50%
63 + 112 175
50%
8 + 168 176
50%
6 + 172 178
50%
46 + 134 180
50%
72 + 108 180
50%
14 + 167 181
50%
86 + 95 181
50%
33 + 150 183
50%
4 + 182 186
50%
3 + 185 188
50%
6 + 182 188
50%
7 + 181 188
50%
18 + 170 188
50%
31 + 158 189
50%
84 + 109 193
50%
71 + 124 195
50%
13 + 183 196
50%
9 + 188 197
50%
44 + 156 200
50%
15 + 186 201
50%
19 + 183 202
50%
51 + 152 203
50%
9 + 196 205
50%
19 + 186 205
50%
57 + 149 206
50%
12 + 195 207
50%
19 + 188 207
50%
2 + 206 208
50%
6 + 202 208
50%
17 + 191 208
50%
18 + 190 208
50%
22 + 187 209
50%
43 + 168 211
50%
74 + 140 214
50%
20 + 195 215
50%
35 + 180 215
50%
38 + 179 217
50%
5 + 213 218
50%
9 + 213 222
50%
26 + 197 223
50%
6 + 219 225
50%
25 + 200 225
50%
7 + 221 228
50%
16 + 213 229
50%
6 + 17 23
50%
27 + 203 230
50%
38 + 193 231
50%
29 + 203 232
50%
117 + 117 234
50%
6 + 229 235
50%
37 + 199 236
50%
5 + 232 237
50%
51 + 186 237
50%
7 + 231 238
50%
109 + 129 238
50%
6 + 234 240
50%
13 + 229 242
50%
76 + 166 242
50%
82 + 160 242
50%
7 + 236 243
50%
11 + 232 243
50%
38 + 205 243
50%
1 + 244 245
50%
106 + 139 245
50%
3 + 245 248
50%
45 + 203 248
50%
16 + 233 249
50%
90 + 159 249
50%
9 + 16 25
50%
21 + 229 250
50%
35 + 215 250
50%
9 + 242 251
50%
19 + 232 251
50%
37 + 218 255
50%
6 + 250 256
50%
66 + 193 259
50%
51 + 209 260
50%
45 + 216 261
50%
83 + 178 261
50%
39 + 224 263
50%
10 + 254 264
50%
120 + 146 266
50%
54 + 218 272
50%
6 + 267 273
50%
18 + 256 274
50%
20 + 254 274
50%
50 + 225 275
50%
65 + 210 275
50%
124 + 153 277
50%
14 + 266 280
50%
62 + 218 280
50%
13 + 268 281
50%
12 + 270 282
50%
41 + 243 284
50%
31 + 255 286
50%
81 + 208 289
50%
4 + 288 292
50%
10 + 283 293
50%
11 + 282 293
50%
34 + 260 294
50%
57 + 240 297
50%
122 + 175 297
50%
11 + 287 298
50%
98 + 200 298
50%
3 + 297 300
50%
35 + 265 300
50%
12 + 289 301
50%
47 + 254 301
50%
2 + 302 304
50%
150 + 155 305
50%
21 + 285 306
50%
32 + 274 306
50%
86 + 220 306
50%
12 + 297 309
50%
7 + 303 310
50%
43 + 269 312
50%
23 + 290 313
50%
55 + 258 313
50%
70 + 243 313
50%
3 + 311 314
50%
37 + 277 314
50%
33 + 283 316
50%
27 + 290 317
50%
11 + 309 320
50%
1 + 321 322
50%
8 + 314 322
50%
101 + 221 322
50%
151 + 171 322
50%
19 + 305 324
50%
43 + 281 324
50%
1 + 324 325
50%
39 + 288 327
50%
24 + 304 328
50%
160 + 172 332
50%
3 + 331 334
50%
29 + 305 334
50%
21 + 315 336
50%
38 + 298 336
50%
12 + 327 339
50%
28 + 311 339
50%
54 + 285 339
50%
3 + 338 341
50%
72 + 270 342
50%
17 + 326 343
50%
6 + 340 346
50%
18 + 328 346
50%
107 + 240 347
50%
3 + 345 348
50%
38 + 317 355
50%
18 + 340 358
50%
31 + 328 359
50%
32 + 328 360
50%
21 + 341 362
50%
54 + 310 364
50%
48 + 317 365
50%
82 + 283 365
50%
3 + 364 367
50%
37 + 330 367
50%
6 + 363 369
50%
49 + 320 369
50%
59 + 314 373
50%
45 + 329 374
50%
135 + 239 374
50%
26 + 350 376
50%
2 + 375 377
50%
14 + 364 378
50%
30 + 349 379
50%
77 + 302 379
50%
4 + 377 381
50%
8 + 381 389
50%
23 + 367 390
50%
102 + 288 390
50%
3 + 388 391
50%
5 + 388 393
50%
72 + 321 393
50%
4 + 390 394
50%
92 + 303 395
50%
25 + 372 397
50%
63 + 334 397
50%
91 + 307 398
50%
64 + 341 405
50%
11 + 396 407
50%
35 + 372 407
50%
54 + 353 407
50%
94 + 313 407
50%
120 + 287 407
50%
60 + 349 409
50%
5 + 409 414
50%
66 + 348 414
50%
105 + 313 418
50%
89 + 330 419
50%
19 + 402 421
50%
95 + 327 422
50%
10 + 413 423
50%
12 + 413 425
50%
16 + 409 425
50%
93 + 332 425
50%
24 + 402 426
50%
6 + 421 427
50%
176 + 253 429
50%
204 + 225 429
50%
19 + 24 43
50%
47 + 383 430
50%
5 + 427 432
50%
67 + 365 432
50%
8 + 426 434
50%
117 + 317 434
50%
6 + 430 436
50%
3 + 436 439
50%
17 + 422 439
50%
61 + 378 439
50%
106 + 335 441
50%
33 + 409 442
50%
72 + 370 442
50%
8 + 435 443
50%
49 + 395 444
50%
7 + 439 446
50%
46 + 400 446
50%
90 + 358 448
50%
81 + 368 449
50%
152 + 298 450
50%
18 + 433 451
50%
31 + 423 454
50%
45 + 409 454
50%
3 + 452 455
50%
57 + 399 456
50%
4 + 453 457
50%
10 + 449 459
50%
6 + 455 461
50%
20 + 441 461
50%
76 + 385 461
50%
78 + 383 461
50%
34 + 428 462
50%
136 + 326 462
50%
3 + 460 463
50%
9 + 457 466
50%
58 + 408 466
50%
160 + 306 466
50%
64 + 403 467
50%
4 + 464 468
50%
43 + 426 469
50%
6 + 465 471
50%
5 + 467 472
50%
3 + 470 473
50%
67 + 406 473
50%
102 + 371 473
50%
55 + 419 474
50%
16 + 460 476
50%
94 + 383 477
50%
6 + 472 478
50%
77 + 401 478
50%
41 + 438 479
50%
175 + 304 479
50%
5 + 43 48
50%
5 + 475 480
50%
68 + 416 484
50%
11 + 474 485
50%
219 + 266 485
50%
47 + 439 486
50%
235 + 252 487
50%
79 + 410 489
50%
1 + 489 490
50%
200 + 290 490
50%
236 + 260 496
50%
59 + 439 498
50%
238 + 260 498
50%
1 + 498 499
50%
46 + 454 500
50%
19 + 482 501
50%
3 + 499 502
50%
150 + 354 504
50%
48 + 458 506
50%
26 + 483 509
50%
4 + 506 510
50%
28 + 482 510
50%
167 + 343 510
50%
3 + 508 511
50%
7 + 504 511
50%
92 + 419 511
50%
25 + 487 512
50%
40 + 474 514
50%
35 + 480 515
50%
35 + 482 517
50%
3 + 515 518
50%
87 + 431 518
50%
4 + 515 519
50%
53 + 466 519
50%
7 + 514 521
50%
35 + 490 525
50%
51 + 475 526
50%
70 + 457 527
50%
82 + 445 527
50%
6 + 522 528
50%
16 + 512 528
50%
28 + 505 533
50%
81 + 454 535
50%
8 + 528 536
50%
51 + 485 536
50%
52 + 484 536
50%
7 + 530 537
50%
38 + 499 537
50%
26 + 513 539
50%
29 + 510 539
50%
5 + 49 54
50%
1 + 539 540
50%
4 + 536 540
50%
8 + 533 541
50%
74 + 467 541
50%
67 + 477 544
50%
21 + 524 545
50%
39 + 507 546
50%
17 + 532 549
50%
51 + 498 549
50%
17 + 38 55
50%
44 + 508 552
50%
4 + 552 556
50%
132 + 424 556
50%
201 + 355 556
50%
25 + 532 557
50%
57 + 500 557
50%
71 + 486 557
50%
122 + 435 557
50%
46 + 512 558
50%
157 + 401 558
50%
28 + 531 559
50%
19 + 541 560
50%
36 + 524 560
50%
16 + 545 561
50%
9 + 553 562
50%
40 + 522 562
50%
59 + 505 564
50%
144 + 420 564
50%
220 + 345 565
50%
12 + 554 566
50%
15 + 551 566
50%
54 + 512 566
50%
9 + 558 567
50%
1 + 569 570
50%
49 + 522 571
50%
113 + 458 571
50%
21 + 551 572
50%
52 + 520 572
50%
8 + 567 575
50%
11 + 565 576
50%
13 + 563 576
50%
7 + 572 579
50%
20 + 559 579
50%
16 + 564 580
50%
31 + 551 582
50%
221 + 361 582
50%
3 + 580 583
50%
208 + 375 583
50%
2 + 582 584
50%
52 + 532 584
50%
8 + 577 585
50%
3 + 585 588
50%
270 + 318 588
50%
12 + 577 589
50%
30 + 559 589
50%
95 + 494 589
50%
101 + 489 590
50%
63 + 533 596
50%
99 + 497 596
50%
90 + 509 599
50%
3 + 57 60
50%
13 + 48 61
50%
7 + 56 63
50%
7 + 57 64
50%
12 + 54 66
50%
17 + 51 68
50%
22 + 48 70
50%
27 + 45 72
50%
19 + 56 75
50%
35 + 42 77
50%
5 + 74 79
50%
1 + 81 82
50%
2 + 80 82
50%
42 + 43 85
50%
14 + 72 86
50%
9 + 80 89
50%
1 + 8 9
50%
1 + 89 90
50%
6 + 84 90
50%
21 + 71 92
50%
3 + 90 93
50%
17 + 76 93
50%
5 + 89 94
50%
7 + 87 94
50%
14 + 81 95
50%
25 + 70 95
50%
30 + 65 95
50%
14 + 82 96
50%
1 + 96 97
50%
21 + 77 98
50%
40 + 59 99
50%
14 + 280 294
47%
11 + 207 218
46%
19 + 382 401
46%
27 + 502 529
46%
19 + 102 121
45%
8 + 141 149
45%
3 + 237 240
45%
8 + 287 295
45%
11 + 329 340
45%
69 + 302 371
45%
43 + 355 398
45%
110 + 357 467
45%
24 + 463 487
45%
9 + 534 543
45%
26 + 87 113
44%
29 + 91 120
44%
9 + 126 135
44%
61 + 78 139
44%
39 + 111 150
44%
50 + 106 156
44%
7 + 169 176
44%
3 + 174 177
44%
58 + 122 180
44%
40 + 156 196
44%
28 + 172 200
44%
63 + 177 240
44%
26 + 222 248
44%
18 + 237 255
44%
50 + 207 257
44%
49 + 214 263
44%
25 + 252 277
44%
19 + 278 297
44%
92 + 205 297
44%
4 + 27 31
44%
13 + 302 315
44%
66 + 251 317
44%
27 + 298 325
44%
44 + 281 325
44%
2 + 324 326
44%
65 + 264 329
44%
28 + 302 330
44%
117 + 228 345
44%
37 + 315 352
44%
106 + 254 360
44%
83 + 290 373
44%
140 + 246 386
44%
4 + 386 390
44%
38 + 357 395
44%
37 + 385 422
44%
43 + 388 431
44%
8 + 445 453
44%
7 + 449 456
44%
43 + 419 462
44%
97 + 366 463
44%
154 + 312 466
44%
53 + 429 482
44%
42 + 443 485
44%
123 + 362 485
44%
36 + 482 518
44%
6 + 47 53
44%
81 + 449 530
44%
5 + 535 540
44%
8 + 556 564
44%
9 + 565 574
44%
261 + 322 583
44%
23 + 61 84
44%
4 + 100 104
43%
41 + 78 119
43%
6 + 115 121
43%
1 + 129 130
43%
3 + 128 131
43%
7 + 156 163
43%
33 + 137 170
43%
22 + 149 171
43%
4 + 175 179
43%
10 + 172 182
43%
58 + 129 187
43%
39 + 151 190
43%
16 + 187 203
43%
2 + 207 209
43%
9 + 214 223
43%
41 + 186 227
43%
23 + 205 228
43%
9 + 226 235
43%
41 + 194 235
43%
75 + 164 239
43%
109 + 132 241
43%
2 + 245 247
43%
4 + 244 248
43%
55 + 194 249
43%
8 + 249 257
43%
73 + 186 259
43%
9 + 253 262
43%
17 + 253 270
43%
74 + 196 270
43%
67 + 216 283
43%
7 + 279 286
43%
136 + 155 291
43%
7 + 293 300
43%
23 + 281 304
43%
13 + 297 310
43%
9 + 313 322
43%
16 + 314 330
43%
8 + 324 332
43%
137 + 199 336
43%
33 + 307 340
43%
5 + 362 367
43%
47 + 323 370
43%
43 + 334 377
43%
13 + 369 382
43%
36 + 347 383
43%
45 + 338 383
43%
14 + 374 388
43%
13 + 388 401
43%
12 + 393 405
43%
25 + 388 413
43%
26 + 395 421
43%
25 + 412 437
43%
1 + 439 440
43%
166 + 278 444
43%
2 + 449 451
43%
17 + 437 454
43%
93 + 368 461
43%
9 + 453 462
43%
126 + 346 472
43%
7 + 470 477
43%
34 + 457 491
43%
69 + 430 499
43%
96 + 407 503
43%
137 + 373 510
43%
6 + 513 519
43%
77 + 444 521
43%
199 + 322 521
43%
43 + 486 529
43%
98 + 442 540
43%
36 + 511 547
43%
26 + 533 559
43%
121 + 440 561
43%
67 + 499 566
43%
97 + 472 569
43%
4 + 570 574
43%
7 + 576 583
43%
71 + 512 583
43%
50 + 539 589
43%
63 + 528 591
43%
51 + 543 594
43%
1 + 59 60
43%
17 + 67 84
43%
11 + 75 86
43%
18 + 73 91
43%
36 + 58 94
43%
47 + 146 193
42%
25 + 220 245
42%
42 + 334 376
42%
48 + 392 440
42%
18 + 38 56
42%
4 + 7 11
40%
4 + 113 117
40%
9 + 110 119
40%
1 + 120 121
40%
8 + 113 121
40%
54 + 79 133
40%
45 + 89 134
40%
21 + 115 136
40%
40 + 98 138
40%
64 + 87 151
40%
9 + 146 155
40%
30 + 125 155
40%
16 + 141 157
40%
17 + 140 157
40%
19 + 141 160
40%
66 + 97 163
40%
23 + 145 168
40%
15 + 176 191
40%
55 + 141 196
40%
4 + 16 20
40%
45 + 155 200
40%
16 + 185 201
40%
77 + 126 203
40%
66 + 139 205
40%
11 + 196 207
40%
84 + 126 210
40%
64 + 148 212
40%
58 + 159 217
40%
29 + 190 219
40%
47 + 172 219
40%
58 + 161 219
40%
74 + 154 228
40%
14 + 218 232
40%
28 + 207 235
40%
99 + 136 235
40%
25 + 211 236
40%
1 + 237 238
40%
13 + 225 238
40%
55 + 191 246
40%
77 + 172 249
40%
15 + 241 256
40%
40 + 216 256
40%
38 + 219 257
40%
13 + 247 260
40%
11 + 252 263
40%
19 + 244 263
40%
69 + 207 276
40%
56 + 222 278
40%
3 + 277 280
40%
121 + 162 283
40%
27 + 262 289
40%
33 + 264 297
40%
52 + 248 300
40%
7 + 302 309
40%
31 + 279 310
40%
94 + 216 310
40%
50 + 263 313
40%
17 + 299 316
40%
18 + 299 317
40%
45 + 280 325
40%
27 + 299 326
40%
12 + 317 329
40%
56 + 273 329
40%
9 + 24 33
40%
36 + 297 333
40%
35 + 299 334
40%
51 + 284 335
40%
73 + 265 338
40%
54 + 286 340
40%
111 + 229 340
40%
142 + 198 340
40%
30 + 314 344
40%
48 + 298 346
40%
35 + 312 347
40%
7 + 341 348
40%
10 + 25 35
40%
33 + 324 357
40%
6 + 352 358
40%
26 + 332 358
40%
132 + 230 362
40%
23 + 340 363
40%
17 + 348 365
40%
16 + 353 369
40%
9 + 361 370
40%
155 + 218 373
40%
97 + 277 374
40%
6 + 370 376
40%
32 + 345 377
40%
60 + 324 384
40%
67 + 322 389
40%
68 + 324 392
40%
11 + 383 394
40%
155 + 243 398
40%
119 + 281 400
40%
159 + 243 402
40%
18 + 390 408
40%
33 + 376 409
40%
24 + 386 410
40%
116 + 294 410
40%
9 + 410 419
40%
3 + 417 420
40%
30 + 390 420
40%
83 + 342 425
40%
23 + 404 427
40%
9 + 424 433
40%
19 + 414 433
40%
16 + 419 435
40%
78 + 357 435
40%
18 + 422 440
40%
153 + 287 440
40%
39 + 406 445
40%
36 + 410 446
40%
64 + 389 453
40%
21 + 436 457
40%
11 + 35 46
40%
80 + 385 465
40%
216 + 249 465
40%
28 + 439 467
40%
16 + 452 468
40%
19 + 450 469
40%
12 + 459 471
40%
15 + 458 473
40%
36 + 444 480
40%
2 + 479 481
40%
67 + 415 482
40%
12 + 473 485
40%
8 + 479 487
40%
23 + 466 489
40%
43 + 449 492
40%
5 + 492 497
40%
22 + 476 498
40%
104 + 395 499
40%
4 + 496 500
40%
38 + 462 500
40%
29 + 474 503
40%
19 + 485 504
40%
24 + 482 506
40%
93 + 414 507
40%
10 + 499 509
40%
9 + 508 517
40%
249 + 284 533
40%
9 + 525 534
40%
158 + 376 534
40%
13 + 524 537
40%
118 + 420 538
40%
11 + 529 540
40%
19 + 521 540
40%
8 + 537 545
40%
31 + 514 545
40%
34 + 512 546
40%
61 + 490 551
40%
107 + 444 551
40%
103 + 449 552
40%
271 + 281 552
40%
119 + 434 553
40%
95 + 463 558
40%
117 + 443 560
40%
10 + 556 566
40%
45 + 521 566
40%
2 + 565 567
40%
22 + 546 568
40%
154 + 414 568
40%
34 + 535 569
40%
10 + 562 572
40%
28 + 545 573
40%
43 + 531 574
40%
51 + 523 574
40%
24 + 556 580
40%
2 + 587 589
40%
18 + 573 591
40%
27 + 569 596
40%
18 + 42 60
40%
5 + 69 74
40%
19 + 67 86
40%
2 + 89 91
40%
29 + 67 96
40%
10 + 93 103
38%
17 + 95 112
38%
7 + 106 113
38%
8 + 115 123
38%
35 + 91 126
38%
5 + 128 133
38%
43 + 92 135
38%
14 + 133 147
38%
34 + 117 151
38%
1 + 157 158
38%
55 + 109 164
38%
30 + 136 166
38%
12 + 163 175
38%
34 + 163 197
38%
21 + 183 204
38%
42 + 173 215
38%
95 + 123 218
38%
23 + 196 219
38%
6 + 228 234
38%
57 + 177 234
38%
84 + 152 236
38%
8 + 248 256
38%
33 + 223 256
38%
46 + 221 267
38%
109 + 167 276
38%
27 + 250 277
38%
68 + 209 277
38%
28 + 251 279
38%
17 + 264 281
38%
65 + 225 290
38%
76 + 226 302
38%
8 + 296 304
38%
91 + 218 309
38%
23 + 289 312
38%
8 + 306 314
38%
124 + 199 323
38%
39 + 301 340
38%
27 + 327 354
38%
5 + 355 360
38%
1 + 379 380
38%
93 + 316 409
38%
9 + 416 425
38%
1 + 428 429
38%
21 + 416 437
38%
28 + 409 437
38%
29 + 424 453
38%
30 + 428 458
38%
202 + 257 459
38%
2 + 476 478
38%
14 + 469 483
38%
20 + 468 488
38%
5 + 501 506
38%
70 + 439 509
38%
32 + 487 519
38%
13 + 508 521
38%
5 + 523 528
38%
32 + 498 530
38%
184 + 350 534
38%
234 + 315 549
38%
42 + 511 553
38%
113 + 441 554
38%
78 + 477 555
38%
17 + 550 567
38%
168 + 402 570
38%
243 + 330 573
38%
2 + 589 591
38%
9 + 589 598
38%
31 + 58 89
38%
10 + 123 133
36%
53 + 114 167
36%
78 + 91 169
36%
131 + 174 305
36%
25 + 302 327
36%
140 + 199 339
36%
14 + 348 362
36%
72 + 328 400
36%
16 + 405 421
36%
24 + 431 455
36%
50 + 464 514
36%
15 + 85 100
33%
33 + 82 115
33%
21 + 98 119
33%
4 + 120 124
33%
20 + 104 124
33%
23 + 106 129
33%
29 + 100 129
33%
28 + 102 130
33%
36 + 94 130
33%
15 + 121 136
33%
59 + 78 137
33%
17 + 122 139
33%
5 + 138 143
33%
27 + 118 145
33%
3 + 147 150
33%
57 + 95 152
33%
62 + 95 157
33%
31 + 128 159
33%
35 + 129 164
33%
30 + 138 168
33%
39 + 132 171
33%
66 + 108 174
33%
20 + 155 175
33%
6 + 177 183
33%
8 + 176 184
33%
16 + 169 185
33%
62 + 123 185
33%
17 + 174 191
33%
32 + 164 196
33%
26 + 171 197
33%
5 + 198 203
33%
7 + 198 205
33%
68 + 137 205
33%
65 + 141 206
33%
81 + 131 212
33%
14 + 202 216
33%
43 + 176 219
33%
13 + 207 220
33%
6 + 215 221
33%
17 + 205 222
33%
81 + 141 222
33%
20 + 207 227
33%
50 + 178 228
33%
93 + 136 229
33%
19 + 221 240
33%
24 + 217 241
33%
32 + 209 241
33%
7 + 235 242
33%
5 + 238 243
33%
48 + 195 243
33%
39 + 208 247
33%
47 + 204 251
33%
10 + 245 255
33%
27 + 229 256
33%
43 + 216 259
33%
52 + 209 261
33%
35 + 227 262
33%
14 + 249 263
33%
22 + 243 265
33%
36 + 231 267
33%
12 + 257 269
33%
95 + 174 269
33%
26 + 244 270
33%
4 + 268 272
33%
49 + 229 278
33%
101 + 181 282
33%
15 + 274 289
33%
55 + 236 291
33%
74 + 219 293
33%
110 + 183 293
33%
13 + 283 296
33%
78 + 218 296
33%
43 + 255 298
33%
67 + 231 298
33%
22 + 278 300
33%
25 + 280 305
33%
18 + 288 306
33%
29 + 277 306
33%
26 + 282 308
33%
16 + 296 312
33%
23 + 294 317
33%
20 + 298 318
33%
129 + 194 323
33%
81 + 244 325
33%
42 + 285 327
33%
13 + 316 329
33%
9 + 322 331
33%
65 + 266 331
33%
63 + 270 333
33%
10 + 327 337
33%
26 + 311 337
33%
52 + 285 337
33%
79 + 258 337
33%
59 + 279 338
33%
9 + 330 339
33%
37 + 302 339
33%
91 + 248 339
33%
134 + 205 339
33%
45 + 295 340
33%
145 + 199 344
33%
19 + 327 346
33%
129 + 217 346
33%
16 + 334 350
33%
98 + 252 350
33%
39 + 313 352
33%
50 + 302 352
33%
29 + 326 355
33%
12 + 347 359
33%
93 + 269 362
33%
19 + 346 365
33%
71 + 294 365
33%
8 + 360 368
33%
53 + 318 371
33%
176 + 195 371
33%
11 + 361 372
33%
104 + 271 375
33%
125 + 252 377
33%
17 + 361 378
33%
74 + 305 379
33%
28 + 352 380
33%
114 + 266 380
33%
1 + 381 382
33%
8 + 375 383
33%
5 + 382 387
33%
5 + 383 388
33%
17 + 372 389
33%
74 + 316 390
33%
4 + 387 391
33%
19 + 373 392
33%
37 + 357 394
33%
2 + 394 396
33%
9 + 388 397
33%
51 + 347 398
33%
138 + 260 398
33%
10 + 30 40
33%
18 + 383 401
33%
9 + 393 402
33%
10 + 395 405
33%
46 + 359 405
33%
13 + 393 406
33%
137 + 269 406
33%
3 + 404 407
33%
9 + 398 407
33%
125 + 285 410
33%
78 + 334 412
33%
32 + 381 413
33%
52 + 366 418
33%
150 + 268 418
33%
5 + 37 42
33%
118 + 305 423
33%
165 + 258 423
33%
85 + 342 427
33%
127 + 302 429
33%
39 + 392 431
33%
10 + 431 441
33%
135 + 308 443
33%
209 + 234 443
33%
117 + 328 445
33%
56 + 391 447
33%
14 + 434 448
33%
88 + 362 450
33%
6 + 447 453
33%
13 + 440 453
33%
23 + 432 455
33%
4 + 454 458
33%
7 + 452 459
33%
52 + 411 463
33%
11 + 454 465
33%
82 + 384 466
33%
7 + 460 467
33%
46 + 421 467
33%
47 + 421 468
33%
5 + 464 469
33%
50 + 419 469
33%
104 + 365 469
33%
228 + 242 470
33%
31 + 440 471
33%
59 + 412 471
33%
228 + 243 471
33%
186 + 286 472
33%
65 + 408 473
33%
27 + 447 474
33%
36 + 438 474
33%
197 + 280 477
33%
201 + 276 477
33%
60 + 418 478
33%
3 + 479 482
33%
58 + 426 484
33%
4 + 482 486
33%
40 + 448 488
33%
32 + 457 489
33%
39 + 450 489
33%
92 + 397 489
33%
147 + 342 489
33%
7 + 483 490
33%
17 + 474 491
33%
10 + 482 492
33%
99 + 393 492
33%
7 + 488 495
33%
19 + 476 495
33%
28 + 467 495
33%
84 + 411 495
33%
15 + 483 498
33%
26 + 472 498
33%
58 + 440 498
33%
72 + 429 501
33%
15 + 488 503
33%
90 + 413 503
33%
52 + 452 504
33%
156 + 348 504
33%
141 + 368 509
33%
17 + 493 510
33%
214 + 298 512
33%
5 + 509 514
33%
152 + 362 514
33%
50 + 466 516
33%
2 + 517 519
33%
18 + 34 52
33%
21 + 499 520
33%
30 + 490 520
33%
5 + 516 521
33%
12 + 510 522
33%
10 + 513 523
33%
5 + 519 524
33%
42 + 483 525
33%
165 + 360 525
33%
63 + 464 527
33%
49 + 479 528
33%
134 + 394 528
33%
8 + 521 529
33%
34 + 496 530
33%
45 + 485 530
33%
17 + 514 531
33%
19 + 513 532
33%
37 + 495 532
33%
2 + 531 533
33%
39 + 494 533
33%
151 + 384 535
33%
55 + 481 536
33%
60 + 477 537
33%
3 + 535 538
33%
15 + 523 538
33%
258 + 281 539
33%
2 + 539 541
33%
73 + 468 541
33%
24 + 518 542
33%
127 + 415 542
33%
8 + 535 543
33%
128 + 416 544
33%
150 + 394 544
33%
27 + 521 548
33%
58 + 491 549
33%
95 + 455 550
33%
2 + 553 555
33%
47 + 508 555
33%
25 + 533 558
33%
4 + 555 559
33%
38 + 521 559
33%
13 + 548 561
33%
69 + 493 562
33%
3 + 562 565
33%
6 + 559 565
33%
104 + 461 565
33%
23 + 544 567
33%
27 + 541 568
33%
88 + 480 568
33%
35 + 535 570
33%
144 + 427 571
33%
7 + 565 572
33%
4 + 571 575
33%
172 + 406 578
33%
9 + 571 580
33%
22 + 559 581
33%
89 + 492 581
33%
15 + 567 582
33%
136 + 450 586
33%
14 + 575 589
33%
37 + 552 589
33%
4 + 587 591
33%
47 + 547 594
33%
53 + 541 594
33%
11 + 585 596
33%
155 + 441 596
33%
235 + 362 597
33%
44 + 554 598
33%
32 + 567 599
33%
21 + 43 64
33%
26 + 38 64
33%
18 + 59 77
33%
5 + 75 80
33%
7 + 84 91
33%
41 + 53 94
33%
15 + 441 456
31%
58 + 536 594
31%
39 + 70 109
30%
64 + 68 132
30%
65 + 78 143
30%
43 + 136 179
30%
34 + 147 181
30%
33 + 169 202
30%
26 + 199 225
30%
15 + 234 249
30%
72 + 196 268
30%
13 + 19 32
30%
29 + 354 383
30%
44 + 348 392
30%
26 + 372 398
30%
54 + 382 436
30%
44 + 419 463
30%
204 + 278 482
30%
112 + 402 514
30%
16 + 526 542
30%
109 + 469 578
30%
79 + 514 593
30%
20 + 579 599
30%
27 + 77 104
29%
5 + 144 149
29%
18 + 172 190
29%
13 + 188 201
29%
94 + 126 220
29%
34 + 187 221
29%
31 + 196 227
29%
17 + 214 231
29%
23 + 212 235
29%
56 + 190 246
29%
22 + 225 247
29%
8 + 18 26
29%
79 + 181 260
29%
2 + 262 264
29%
21 + 257 278
29%
106 + 174 280
29%
99 + 183 282
29%
114 + 170 284
29%
142 + 151 293
29%
119 + 193 312
29%
154 + 167 321
29%
78 + 251 329
29%
88 + 256 344
29%
5 + 340 345
29%
75 + 270 345
29%
170 + 182 352
29%
9 + 346 355
29%
66 + 291 357
29%
105 + 257 362
29%
119 + 243 362
29%
70 + 295 365
29%
55 + 315 370
29%
126 + 250 376
29%
5 + 379 384
29%
12 + 373 385
29%
109 + 277 386
29%
99 + 290 389
29%
141 + 251 392
29%
107 + 290 397
29%
39 + 363 402
29%
17 + 393 410
29%
120 + 292 412
29%
46 + 376 422
29%
98 + 326 424
29%
22 + 404 426
29%
14 + 425 439
29%
50 + 412 462
29%
59 + 404 463
29%
8 + 456 464
29%
14 + 454 468
29%
26 + 442 468
29%
107 + 363 470
29%
48 + 436 484
29%
45 + 443 488
29%
14 + 488 502
29%
12 + 491 503
29%
86 + 427 513
29%
61 + 461 522
29%
85 + 441 526
29%
35 + 499 534
29%
125 + 409 534
29%
50 + 486 536
29%
189 + 356 545
29%
24 + 522 546
29%
174 + 375 549
29%
145 + 408 553
29%
75 + 485 560
29%
227 + 333 560
29%
198 + 368 566
29%
46 + 524 570
29%
215 + 355 570
29%
19 + 553 572
29%
229 + 344 573
29%
250 + 335 585
29%
67 + 519 586
29%
231 + 355 586
29%
42 + 548 590
29%
28 + 563 591
29%
14 + 585 599
29%
13 + 60 73
29%
12 + 62 74
29%
29 + 54 83
29%
43 + 88 131
27%
35 + 259 294
27%
28 + 290 318
27%
27 + 295 322
27%
4 + 439 443
27%
26 + 418 444
27%
56 + 451 507
27%
46 + 481 527
27%
27 + 504 531
27%
80 + 494 574
27%
126 + 472 598
27%
8 + 97 105
25%
1 + 114 115
25%
43 + 79 122
25%
34 + 94 128
25%
41 + 104 145
25%
29 + 119 148
25%
17 + 146 163
25%
9 + 157 166
25%
25 + 150 175
25%
15 + 172 187
25%
32 + 158 190
25%
7 + 189 196
25%
37 + 159 196
25%
56 + 142 198
25%
83 + 116 199
25%
62 + 138 200
25%
14 + 187 201
25%
34 + 167 201
25%
48 + 170 218
25%
62 + 158 220
25%
24 + 199 223
25%
44 + 179 223
25%
32 + 192 224
25%
91 + 136 227
25%
36 + 195 231
25%
91 + 143 234
25%
8 + 230 238
25%
87 + 152 239
25%
85 + 155 240
25%
56 + 187 243
25%
19 + 229 248
25%
74 + 176 250
25%
3 + 255 258
25%
9 + 252 261
25%
13 + 253 266
25%
85 + 183 268
25%
37 + 233 270
25%
29 + 251 280
25%
8 + 275 283
25%
26 + 258 284
25%
18 + 273 291
25%
52 + 239 291
25%
9 + 284 293
25%
9 + 291 300
25%
24 + 276 300
25%
71 + 229 300
25%
61 + 242 303
25%
14 + 293 307
25%
28 + 281 309
25%
77 + 236 313
25%
96 + 221 317
25%
44 + 277 321
25%
34 + 292 326
25%
45 + 283 328
25%
113 + 217 330
25%
26 + 309 335
25%
56 + 285 341
25%
63 + 282 345
25%
9 + 337 346
25%
80 + 266 346
25%
29 + 319 348
25%
53 + 295 348
25%
91 + 257 348
25%
68 + 281 349
25%
6 + 358 364
25%
67 + 299 366
25%
18 + 354 372
25%
2 + 372 374
25%
11 + 367 378
25%
36 + 345 381
25%
7 + 376 383
25%
27 + 359 386
25%
143 + 244 387
25%
151 + 236 387
25%
9 + 379 388
25%
18 + 372 390
25%
48 + 342 390
25%
34 + 357 391
25%
62 + 331 393
25%
17 + 378 395
25%
185 + 210 395
25%
111 + 287 398
25%
139 + 260 399
25%
104 + 296 400
25%
5 + 398 403
25%
6 + 397 403
25%
16 + 387 403
25%
118 + 286 404
25%
23 + 382 405
25%
139 + 268 407
25%
156 + 253 409
25%
81 + 330 411
25%
73 + 339 412
25%
58 + 358 416
25%
79 + 337 416
25%
65 + 354 419
25%
165 + 255 420
25%
14 + 409 423
25%
168 + 257 425
25%
198 + 232 430
25%
198 + 233 431
25%
153 + 285 438
25%
54 + 387 441
25%
15 + 429 444
25%
180 + 266 446
25%
121 + 328 449
25%
24 + 434 458
25%
63 + 395 458
25%
70 + 388 458
25%
13 + 448 461
25%
185 + 279 464
25%
2 + 466 468
25%
39 + 433 472
25%
88 + 388 476
25%
110 + 368 478
25%
104 + 379 483
25%
132 + 361 493
25%
190 + 303 493
25%
32 + 468 500
25%
63 + 439 502
25%
68 + 438 506
25%
177 + 332 509
25%
26 + 486 512
25%
25 + 495 520
25%
181 + 341 522
25%
105 + 419 524
25%
195 + 331 526
25%
99 + 432 531
25%
68 + 468 536
25%
49 + 493 542
25%
124 + 420 544
25%
88 + 457 545
25%
191 + 354 545
25%
210 + 335 545
25%
6 + 542 548
25%
20 + 529 549
25%
42 + 509 551
25%
80 + 471 551
25%
139 + 413 552
25%
178 + 374 552
25%
37 + 516 553
25%
177 + 376 553
25%
205 + 349 554
25%
115 + 441 556
25%
32 + 529 561
25%
38 + 525 563
25%
69 + 496 565
25%
19 + 547 566
25%
33 + 538 571
25%
28 + 544 572
25%
194 + 380 574
25%
29 + 549 578
25%
30 + 548 578
25%
258 + 320 578
25%
86 + 494 580
25%
143 + 437 580
25%
260 + 323 583
25%
60 + 524 584
25%
166 + 418 584
25%
203 + 382 585
25%
43 + 543 586
25%
234 + 353 587
25%
9 + 580 589
25%
14 + 45 59
25%
153 + 438 591
25%
77 + 515 592
25%
119 + 473 592
25%
7 + 586 593
25%
14 + 581 595
25%
87 + 509 596
25%
15 + 583 598
25%
23 + 575 598
25%
28 + 570 598
25%
24 + 38 62
25%
14 + 51 65
25%
27 + 49 76
25%
15 + 63 78
25%
7 + 77 84
25%
19 + 79 98
25%
131 + 229 360
23%
52 + 372 424
23%
76 + 95 171
22%
35 + 156 191
22%
39 + 179 218
22%
83 + 176 259
22%
149 + 152 301
22%
126 + 182 308
22%
82 + 239 321
22%
20 + 311 331
22%
24 + 332 356
22%
107 + 251 358
22%
41 + 358 399
22%
31 + 369 400
22%
90 + 325 415
22%
97 + 340 437
22%
214 + 253 467
22%
31 + 479 510
22%
20 + 498 518
22%
138 + 388 526
22%
140 + 392 532
22%
9 + 539 548
22%
259 + 324 583
22%
17 + 573 590
22%
130 + 462 592
22%
19 + 574 593
22%
24 + 77 101
20%
39 + 67 106
20%
53 + 55 108
20%
54 + 68 122
20%
14 + 119 133
20%
47 + 96 143
20%
3 + 141 144
20%
6 + 142 148
20%
36 + 117 153
20%
44 + 116 160
20%
65 + 97 162
20%
28 + 138 166
20%
25 + 149 174
20%
26 + 153 179
20%
38 + 154 192
20%
59 + 135 194
20%
27 + 178 205
20%
10 + 201 211
20%
49 + 165 214
20%
41 + 181 222
20%
18 + 212 230
20%
79 + 151 230
20%
16 + 217 233
20%
64 + 171 235
20%
23 + 221 244
20%
12 + 237 249
20%
33 + 217 250
20%
35 + 217 252
20%
29 + 229 258
20%
42 + 217 259
20%
8 + 256 264
20%
38 + 228 266
20%
2 + 265 267
20%
31 + 242 273
20%
105 + 168 273
20%
96 + 183 279
20%
5 + 277 282
20%
6 + 278 284
20%
25 + 259 284
20%
89 + 198 287
20%
14 + 274 288
20%
34 + 254 288
20%
28 + 266 294
20%
22 + 273 295
20%
19 + 287 306
20%
30 + 280 310
20%
42 + 268 310
20%
22 + 292 314
20%
58 + 264 322
20%
78 + 244 322
20%
48 + 275 323
20%
7 + 328 335
20%
58 + 281 339
20%
17 + 325 342
20%
18 + 327 345
20%
110 + 238 348
20%
122 + 229 351
20%
5 + 350 355
20%
153 + 208 361
20%
132 + 232 364
20%
87 + 279 366
20%
2 + 366 368
20%
10 + 359 369
20%
19 + 352 371
20%
96 + 276 372
20%
25 + 368 393
20%
48 + 347 395
20%
153 + 252 405
20%
37 + 369 406
20%
27 + 384 411
20%
192 + 223 415
20%
82 + 338 420
20%
21 + 409 430
20%
134 + 296 430
20%
71 + 363 434
20%
140 + 296 436
20%
157 + 282 439
20%
197 + 244 441
20%
8 + 436 444
20%
142 + 302 444
20%
182 + 268 450
20%
19 + 433 452
20%
66 + 386 452
20%
130 + 322 452
20%
16 + 437 453
20%
53 + 405 458
20%
20 + 443 463
20%
179 + 289 468
20%
103 + 366 469
20%
142 + 327 469
20%
137 + 335 472
20%
17 + 458 475
20%
144 + 335 479
20%
226 + 253 479
20%
54 + 429 483
20%
95 + 391 486
20%
17 + 472 489
20%
174 + 319 493
20%
177 + 320 497
20%
9 + 489 498
20%
46 + 455 501
20%
54 + 454 508
20%
235 + 273 508
20%
23 + 488 511
20%
47 + 464 511
20%
89 + 424 513
20%
150 + 366 516
20%
29 + 488 517
20%
250 + 270 520
20%
218 + 303 521
20%
193 + 333 526
20%
17 + 517 534
20%
67 + 468 535
20%
222 + 313 535
20%
93 + 444 537
20%
18 + 529 547
20%
19 + 533 552
20%
83 + 469 552
20%
8 + 545 553
20%
93 + 462 555
20%
53 + 508 561
20%
25 + 538 563
20%
192 + 373 565
20%
156 + 415 571
20%
232 + 339 571
20%
167 + 409 576
20%
36 + 541 577
20%
96 + 482 578
20%
237 + 344 581
20%
242 + 339 581
20%
8 + 576 584
20%
58 + 526 584
20%
6 + 579 585
20%
19 + 570 589
20%
15 + 47 62
20%
14 + 85 99
20%
49 + 162 211
18%
29 + 520 549
18%
145 + 409 554
18%
25 + 97 122
17%
37 + 106 143
17%
27 + 127 154
17%
29 + 155 184
17%
93 + 98 191
17%
8 + 188 196
17%
64 + 139 203
17%
24 + 181 205
17%
24 + 245 269
17%
97 + 183 280
17%
60 + 228 288
17%
13 + 282 295
17%
39 + 258 297
17%
46 + 255 301
17%
127 + 179 306
17%
143 + 189 332
17%
149 + 191 340
17%
77 + 265 342
17%
115 + 230 345
17%
69 + 277 346
17%
57 + 294 351
17%
79 + 287 366
17%
5 + 377 382
17%
33 + 353 386
17%
186 + 204 390
17%
28 + 375 403
17%
175 + 229 404
17%
179 + 230 409
17%
5 + 418 423
17%
38 + 389 427
17%
48 + 379 427
17%
34 + 395 429
17%
84 + 348 432
17%
99 + 333 432
17%
68 + 394 462
17%
197 + 268 465
17%
113 + 358 471
17%
143 + 342 485
17%
118 + 378 496
17%
182 + 317 499
17%
209 + 296 505
17%
48 + 459 507
17%
142 + 371 513
17%
16 + 508 524
17%
133 + 391 524
17%
244 + 285 529
17%
84 + 449 533
17%
67 + 469 536
17%
120 + 417 537
17%
91 + 449 540
17%
56 + 488 544
17%
2 + 53 55
17%
7 + 558 565
17%
84 + 485 569
17%
77 + 497 574
17%
164 + 413 577
17%
65 + 518 583
17%
69 + 514 583
17%
115 + 469 584
17%
16 + 569 585
17%
110 + 483 593
17%
4 + 594 598
17%
11 + 57 68
17%
16 + 68 84
17%
6 + 86 92
17%
38 + 56 94
17%
16 + 105 121
14%
54 + 129 183
14%
61 + 134 195
14%
34 + 197 231
14%
84 + 162 246
14%
39 + 213 252
14%
15 + 243 258
14%
34 + 228 262
14%
47 + 231 278
14%
37 + 255 292
14%
5 + 288 293
14%
79 + 224 303
14%
83 + 223 306
14%
41 + 277 318
14%
151 + 167 318
14%
87 + 238 325
14%
116 + 211 327
14%
99 + 232 331
14%
65 + 295 360
14%
92 + 270 362
14%
91 + 286 377
14%
69 + 314 383
14%
114 + 269 383
14%
124 + 282 406
14%
168 + 246 414
14%
96 + 352 448
14%
15 + 439 454
14%
28 + 428 456
14%
62 + 396 458
14%
121 + 337 458
14%
98 + 370 468
14%
95 + 382 477
14%
183 + 298 481
14%
175 + 333 508
14%
147 + 363 510
14%
235 + 279 514
14%
79 + 456 535
14%
89 + 454 543
14%
226 + 319 545
14%
12 + 547 559
14%
255 + 309 564
14%
39 + 539 578
14%
25 + 558 583
14%
169 + 417 586
14%
54 + 539 593
14%
44 + 73 117
13%
58 + 123 181
13%
73 + 138 211
13%
88 + 156 244
13%
18 + 267 285
13%
38 + 274 312
13%
121 + 191 312
13%
87 + 233 320
13%
158 + 167 325
13%
160 + 193 353
13%
91 + 264 355
13%
88 + 284 372
13%
24 + 378 402
13%
37 + 366 403
13%
15 + 393 408
13%
49 + 365 414
13%
146 + 295 441
13%
22 + 423 445
13%
30 + 423 453
13%
138 + 328 466
13%
73 + 406 479
13%
44 + 437 481
13%
25 + 478 503
13%
113 + 399 512
13%
59 + 472 531
13%
154 + 378 532
13%
117 + 438 555
13%
81 + 478 559
13%
42 + 523 565
13%
147 + 418 565
13%
184 + 383 567
13%
83 + 489 572
13%
5 + 573 578
13%
38 + 543 581
13%
42 + 183 225
11%
83 + 256 339
11%
162 + 323 485
11%
148 + 355 503
11%
172 + 337 509
11%
48 + 493 541
11%
34 + 58 92
11%
36 + 235 271
10%
45 + 239 284
10%
75 + 224 299
10%
54 + 258 312
10%
158 + 250 408
10%
87 + 349 436
10%
37 + 437 474
10%
96 + 495 591
10%
38 + 339 377
9%
29 + 522 551
9%
28 + 84 112
0%
42 + 88 130
0%
49 + 86 135
0%
28 + 123 151
0%
35 + 121 156
0%
75 + 89 164
0%
37 + 137 174
0%
27 + 156 183
0%
48 + 135 183
0%
27 + 157 184
0%
36 + 149 185
0%
17 + 169 186
0%
49 + 137 186
0%
21 + 166 187
0%
12 + 177 189
0%
41 + 157 198
0%
46 + 154 200
0%
69 + 134 203
0%
2 + 203 205
0%
60 + 145 205
0%
29 + 178 207
0%
49 + 159 208
0%
63 + 146 209
0%
8 + 207 215
0%
67 + 148 215
0%
50 + 167 217
0%
50 + 174 224
0%
72 + 154 226
0%
33 + 198 231
0%
78 + 155 233
0%
53 + 186 239
0%
9 + 234 243
0%
17 + 229 246
0%
112 + 138 250
0%
68 + 183 251
0%
86 + 172 258
0%
85 + 177 262
0%
16 + 249 265
0%
69 + 197 266
0%
42 + 225 267
0%
88 + 179 267
0%
24 + 249 273
0%
38 + 235 273
0%
28 + 246 274
0%
58 + 216 274
0%
48 + 228 276
0%
1 + 276 277
0%
38 + 239 277
0%
19 + 262 281
0%
97 + 186 283
0%
9 + 276 285
0%
78 + 208 286
0%
64 + 223 287
0%
98 + 192 290
0%
4 + 287 291
0%
111 + 181 292
0%
108 + 187 295
0%
116 + 182 298
0%
117 + 186 303
0%
128 + 176 304
0%
61 + 246 307
0%
9 + 305 314
0%
123 + 196 319
0%
49 + 272 321
0%
58 + 265 323
0%
62 + 263 325
0%
17 + 315 332
0%
18 + 318 336
0%
68 + 268 336
0%
46 + 294 340
0%
92 + 249 341
0%
53 + 289 342
0%
44 + 299 343
0%
85 + 258 343
0%
95 + 253 348
0%
7 + 28 35
0%
19 + 331 350
0%
79 + 272 351
0%
166 + 186 352
0%
64 + 290 354
0%
65 + 289 354
0%
97 + 257 354
0%
149 + 206 355
0%
68 + 288 356
0%
39 + 320 359
0%
167 + 192 359
0%
43 + 318 361
0%
39 + 323 362
0%
134 + 228 362
0%
38 + 328 366
0%
154 + 214 368
0%
74 + 295 369
0%
124 + 245 369
0%
1 + 370 371
0%
24 + 349 373
0%
25 + 348 373
0%
19 + 356 375
0%
28 + 348 376
0%
133 + 243 376
0%
89 + 288 377
0%
52 + 326 378
0%
173 + 206 379
0%
39 + 343 382
0%
128 + 254 382
0%
27 + 356 383
0%
86 + 297 383
0%
38 + 349 387
0%
30 + 358 388
0%
68 + 321 389
0%
20 + 371 391
0%
84 + 307 391
0%
136 + 255 391
0%
15 + 378 393
0%
78 + 315 393
0%
2 + 392 394
0%
56 + 339 395
0%
58 + 339 397
0%
15 + 383 398
0%
5 + 35 40
0%
83 + 319 402
0%
7 + 396 403
0%
18 + 385 403
0%
145 + 258 403
0%
135 + 274 409
0%
144 + 265 409
0%
77 + 334 411
0%
36 + 376 412
0%
147 + 269 416
0%
177 + 239 416
0%
128 + 289 417
0%
97 + 321 418
0%
109 + 317 426
0%
62 + 366 428
0%
38 + 391 429
0%
164 + 267 431
0%
161 + 271 432
0%
44 + 389 433
0%
91 + 343 434
0%
41 + 394 435
0%
163 + 273 436
0%
19 + 419 438
0%
123 + 315 438
0%
205 + 233 438
0%
5 + 434 439
0%
122 + 317 439
0%
155 + 288 443
0%
75 + 370 445
0%
169 + 282 451
0%
86 + 369 455
0%
112 + 347 459
0%
128 + 331 459
0%
25 + 435 460
0%
115 + 346 461
0%
119 + 342 461
0%
163 + 298 461
0%
65 + 398 463
0%
131 + 332 463
0%
129 + 337 466
0%
149 + 317 466
0%
83 + 384 467
0%
42 + 426 468
0%
89 + 380 469
0%
84 + 386 470
0%
85 + 387 472
0%
69 + 404 473
0%
156 + 318 474
0%
178 + 296 474
0%
91 + 385 476
0%
187 + 289 476
0%
18 + 459 477
0%
47 + 433 480
0%
35 + 447 482
0%
36 + 449 485
0%
59 + 426 485
0%
169 + 318 487
0%
57 + 432 489
0%
71 + 418 489
0%
26 + 468 494
0%
171 + 323 494
0%
26 + 471 497
0%
36 + 461 497
0%
11 + 487 498
0%
75 + 423 498
0%
29 + 472 501
0%
55 + 446 501
0%
114 + 387 501
0%
76 + 427 503
0%
85 + 418 503
0%
18 + 486 504
0%
103 + 402 505
0%
116 + 389 505
0%
39 + 467 506
0%
74 + 432 506
0%
249 + 258 507
0%
18 + 490 508
0%
61 + 447 508
0%
72 + 439 511
0%
109 + 406 515
0%
176 + 339 515
0%
135 + 381 516
0%
11 + 506 517
0%
114 + 408 522
0%
71 + 452 523
0%
181 + 342 523
0%
34 + 492 526
0%
242 + 284 526
0%
18 + 509 527
0%
98 + 431 529
0%
64 + 466 530
0%
83 + 447 530
0%
159 + 373 532
0%
173 + 359 532
0%
74 + 459 533
0%
139 + 394 533
0%
25 + 509 534
0%
58 + 478 536
0%
182 + 354 536
0%
60 + 478 538
0%
149 + 390 539
0%
196 + 343 539
0%
163 + 377 540
0%
84 + 457 541
0%
48 + 495 543
0%
13 + 531 544
0%
57 + 488 545
0%
203 + 342 545
0%
123 + 423 546
0%
257 + 292 549
0%
79 + 472 551
0%
177 + 374 551
0%
188 + 364 552
0%
18 + 536 554
0%
82 + 472 554
0%
248 + 306 554
0%
67 + 489 556
0%
61 + 497 558
0%
87 + 471 558
0%
73 + 487 560
0%
272 + 288 560
0%
146 + 415 561
0%
89 + 475 564
0%
76 + 489 565
0%
226 + 341 567
0%
248 + 319 567
0%
211 + 357 568
0%
24 + 545 569
0%
161 + 410 571
0%
94 + 478 572
0%
14 + 560 574
0%
86 + 489 575
0%
98 + 479 577
0%
34 + 544 578
0%
105 + 474 579
0%
1 + 579 580
0%
92 + 489 581
0%
17 + 566 583
0%
189 + 399 588
0%
125 + 464 589
0%
13 + 578 591
0%
129 + 462 591
0%
154 + 439 593
0%
78 + 517 595
0%
8 + 589 597
0%
28 + 569 597
0%
24 + 51 75
0%
18 + 65 83
0%
No matching quizzes found
Score Distribution
Percent of People with Each Score
Percentile by Number Answered
Your Score History
You have not taken this quiz